Statistics for Χώρες της Ευρωπαϊκής Ένωσης

Click here to take the quiz!

General Stats

  • This quiz has been taken 197 times
  • The average score is 24 of 27

Answer Stats

ΈνταξηΧώρα% Correct
1981Ελλάδα
99%
1957Ιταλία
99%
1986Ισπανία
99%
1957Γερμανία
98%
1957Γαλλία
97%
1986Πορτογαλία
96%
1957Βέλγιο
92%
1957Ολλανδία (Κάτω Χώρες)
92%
2007Βουλγαρία
92%
2007Ρουμανία
90%
2004Πολωνία
89%
2004Σλοβακία
88%
1995Σουηδία
88%
1995Αυστρία
88%
2004Σλοβενία
87%
2004Τσεχία
86%
2004Ουγγαρία
85%
2004Κύπρος
84%
2004Εσθονία
83%
1973Ιρλανδία
83%
1973Δανία
83%
1957Λουξεμβούργο
83%
2004Λιθουανία
81%
2013Κροατία
80%
1995Φινλανδία
79%
2004Λετονία
79%
2004Μάλτα
75%

Score Distribution

Percentile by Number Answered

Percent of People with Each Score

Your Score History

You have not taken this quiz